<?xml version="1.0" encoding="UTF-8"?>
<record
    xmlns:xsi="http://www.w3.org/2001/XMLSchema-instance"
    xsi:schemaLocation="http://www.loc.gov/MARC21/slim http://www.loc.gov/standards/marcxml/schema/MARC21slim.xsd"
    xmlns="http://www.loc.gov/MARC21/slim">

  <leader>01951nam a2200325Ia 4500</leader>
  <controlfield tag="001">C9597</controlfield>
  <controlfield tag="003">IT-RoPAU</controlfield>
  <controlfield tag="008">130308s9999    xx            000 0 und d</controlfield>
  <datafield tag="040" ind1=" " ind2=" ">
    <subfield code="a">IT-RoPAU</subfield>
  </datafield>
  <datafield tag="040" ind1=" " ind2=" ">
    <subfield code="c">IT-RoPAU</subfield>
  </datafield>
  <datafield tag="041" ind1=" " ind2=" ">
    <subfield code="a">ITALIANO</subfield>
  </datafield>
  <datafield tag="100" ind1=" " ind2=" ">
    <subfield code="a">Alberione Giacomo</subfield>
  </datafield>
  <datafield tag="100" ind1=" " ind2=" ">
    <subfield code="g">Codice Aut. SPICS: 10028</subfield>
  </datafield>
  <datafield tag="245" ind1=" " ind2=" ">
    <subfield code="a">Ut perfectus sit homo dei (4)</subfield>
  </datafield>
  <datafield tag="245" ind1=" " ind2=" ">
    <subfield code="b">Ut Perfectus Sit Homo dei (4)</subfield>
  </datafield>
  <datafield tag="250" ind1=" " ind2=" ">
    <subfield code="a">1a ed.</subfield>
  </datafield>
  <datafield tag="260" ind1=" " ind2=" ">
    <subfield code="a">OSTIA</subfield>
  </datafield>
  <datafield tag="260" ind1=" " ind2=" ">
    <subfield code="b">Edizioni Paoline</subfield>
  </datafield>
  <datafield tag="260" ind1=" " ind2=" ">
    <subfield code="c">1962 [1&#xB0; Ed.:1962 - Ed.Ling.Originale:1962]</subfield>
  </datafield>
  <datafield tag="300" ind1=" " ind2=" ">
    <subfield code="a">"288 p. (prefazione: no ; testo: 288 [pagine: 0-0])"</subfield>
  </datafield>
  <datafield tag="500" ind1=" " ind2=" ">
    <subfield code="a">Quarta settimana del mesi di Esercizi Spirituali, Ariccia Aprile 1960. 11 istruzioni del Primo maestro D. Giacomo Alberione Su: Governo della Provincia, Fondamenti di Vita Religiosa, Associazione Generale Biblioteche, Propaganda, Apostolato e Bisogni dell'Umanit&#xE0;, propaganda Razionale, Librerie, Spirito dei Discepoli del Divin Maestro, Carit&#xE0; e Spirito di Famiglia, Maria Discepola e Maestra, Maria Apostola. 10 Meditazioni: Coscienza Amministrativa di D. Lamera, Provvidenza e Lavoro di D. Lamera, Necessit&#xE0; Ordinarie e Straordinarie di D. Paganini, cura della salute di D. Paganini, guardare a Gesu' Maestro, a Maria maestra e a San Paolo di D. Lamera, resoconti Mensili Annuali Morali Apostolici ed Economici di D. Lamera, Economo Cassiere Contabile e Archivista di D. Paganini, Preventivi e Consuntivi di D. Paganini, Crediti e Debiti di D. Paganini, Diffusione dell'istituto nelle varie nazioni di D. Paganini. 3 Conferenze: Studio del Divin maestro di D. tomatis,Cura dei Cooperatori di D. Costa, per la Santificazione dei Nostri Discepoli di D. Zanoni. Un pensiero  di Ringraziamento di Don Borrano.</subfield>
  </datafield>
  <datafield tag="650" ind1=" " ind2=" ">
    <subfield code="a">SCRITTI DI GIACOMO ALBERIONE</subfield>
  </datafield>
  <datafield tag="650" ind1=" " ind2=" ">
    <subfield code="e">Codice materia Spics: 9901</subfield>
  </datafield>
  <datafield tag="700" ind1=" " ind2=" ">
    <subfield code="a">AA.VV.</subfield>
  </datafield>
  <datafield tag="700" ind1=" " ind2=" ">
    <subfield code="g">Codice Aut. SPICS: 12000</subfield>
  </datafield>
  <datafield tag="942" ind1=" " ind2=" ">
    <subfield code="c">BK</subfield>
  </datafield>
  <datafield tag="957" ind1=" " ind2=" ">
    <subfield code="7">1</subfield>
  </datafield>
  <datafield tag="999" ind1=" " ind2=" ">
    <subfield code="c">76232</subfield>
    <subfield code="d">76232</subfield>
  </datafield>
  <datafield tag="999" ind1=" " ind2=" ">
    <subfield code="b">SI</subfield>
  </datafield>
  <datafield tag="999" ind1=" " ind2=" ">
    <subfield code="g">1</subfield>
  </datafield>
  <datafield tag="952" ind1=" " ind2=" ">
    <subfield code="0">0</subfield>
    <subfield code="1">0</subfield>
    <subfield code="4">0</subfield>
    <subfield code="6">C_000000000000000_9597</subfield>
    <subfield code="7">1</subfield>
    <subfield code="a">SPICS</subfield>
    <subfield code="b">SPICS</subfield>
    <subfield code="d">2013-03-08</subfield>
    <subfield code="l">0</subfield>
    <subfield code="o">C9597</subfield>
    <subfield code="r">2013-03-08 00:00:00</subfield>
    <subfield code="w">2013-03-08</subfield>
    <subfield code="y">BK</subfield>
    <subfield code="z">Progressivo inserimento:  60268 /  N. Volumi: 1 Copie: 1 Copia Rara: SI / data import: 1 marzo 2013 - By Epidotti, Trombetti, Vaglietti. </subfield>
  </datafield>
  <datafield tag="952" ind1=" " ind2=" ">
    <subfield code="0">0</subfield>
    <subfield code="1">0</subfield>
    <subfield code="2">ddc</subfield>
    <subfield code="4">0</subfield>
    <subfield code="6">P_A3</subfield>
    <subfield code="7">1</subfield>
    <subfield code="a">PAULUS</subfield>
    <subfield code="b">PAULUS</subfield>
    <subfield code="d">2013-11-05</subfield>
    <subfield code="l">0</subfield>
    <subfield code="o">P A3</subfield>
    <subfield code="r">2013-11-05 00:00:00</subfield>
    <subfield code="w">2013-11-05</subfield>
    <subfield code="y">BK</subfield>
  </datafield>
  <datafield tag="952" ind1=" " ind2=" ">
    <subfield code="0">0</subfield>
    <subfield code="1">0</subfield>
    <subfield code="2">ddc</subfield>
    <subfield code="4">0</subfield>
    <subfield code="6">P_A3</subfield>
    <subfield code="7">1</subfield>
    <subfield code="a">PAULUS</subfield>
    <subfield code="b">PAULUS</subfield>
    <subfield code="d">2013-11-05</subfield>
    <subfield code="l">0</subfield>
    <subfield code="o">P A3</subfield>
    <subfield code="r">2013-11-05 00:00:00</subfield>
    <subfield code="w">2013-11-05</subfield>
    <subfield code="y">BK</subfield>
  </datafield>
  <datafield tag="952" ind1=" " ind2=" ">
    <subfield code="0">0</subfield>
    <subfield code="1">0</subfield>
    <subfield code="2">ddc</subfield>
    <subfield code="4">0</subfield>
    <subfield code="6">P_A3</subfield>
    <subfield code="7">1</subfield>
    <subfield code="a">PAULUS</subfield>
    <subfield code="b">PAULUS</subfield>
    <subfield code="d">2013-11-05</subfield>
    <subfield code="l">0</subfield>
    <subfield code="o">P A3</subfield>
    <subfield code="r">2013-11-05 00:00:00</subfield>
    <subfield code="w">2013-11-05</subfield>
    <subfield code="y">BK</subfield>
  </datafield>
</record>
